Problems in Mechanical Drawing / (Record no. 544631)
[ view plain ]
| 000 -LEADER | |
|---|---|
| fixed length control field | 00424nam a22001337a 4500 |
| 082 ## - DEWEY DECIMAL CLASSIFICATION NUMBER | |
| Classification number | 604.2 |
| Author Mark | LEV |
| -- | L-12, P-52 |
| 100 ## - MAIN ENTRY--PERSONAL NAME | |
| Personal name | Levens, A.S. |
| 9 (RLIN) | 39065 |
| 245 ## - TITLE STATEMENT | |
| Title | Problems in Mechanical Drawing / |
| Statement of responsibility, etc. | Levens, A.S, Edstrom,A.E, |
| 260 ## - PUBLICATION, DISTRIBUTION, ETC. | |
| Place of publication, distribution, etc. | New York: |
| Name of publisher, distributor, etc. | Webster Division, McGRAW Hill Book Company, |
| 300 ## - PHYSICAL DESCRIPTION | |
| Extent | various pages |
| Other physical details | diagram.; |
| Dimensions | 26cm |
| 526 ## - STUDY PROGRAM INFORMATION NOTE | |
| Program name | 0 |
| Interest level | 0 |
| Reading level | 0 |
| Title point value | 604_200000000000000_LEV |
| 650 ## - SUBJECT ADDED ENTRY--TOPICAL TERM | |
| Topical term or geographic name entry element | MCE |
| 9 (RLIN) | 379 |
| 942 ## - ADDED ENTRY ELEMENTS (KOHA) | |
| Source of classification or shelving scheme | |
| Koha item type | Book |
| Withdrawn status | Lost status | Source of classification or shelving scheme | Damaged status | Not for loan | Permanent Location | Current Location | Date acquired | Total Checkouts | Full call number | Barcode | Date last seen | Price effective from | Koha item type |
|---|---|---|---|---|---|---|---|---|---|---|---|---|---|
| Military College of Engineering (MCE) | Military College of Engineering (MCE) | 05/08/2014 | 604.2 LEV | MCE-2671 | 05/08/2014 | 05/08/2014 | Book |
